| 000 | 00000nam 2200000zi 4500 |
| 001 | 9.874798 |
| 003 | CaOODSP |
| 005 | 20221107164306 |
| 006 | m o d f |
| 007 | cr cn||||||||| |
| 008 | 190612t20192019onc o f000 0 eng d |
| 020 | |a9780660313900 |
| 040 | |aCaOODSP|beng|erda|cCaOODSP |
| 043 | |an-cn--- |
| 086 | 1 |aA118-53/2019E-PDF |
| 245 | 00|aAgricultural Clean Technology Program : |bapplicant guide. |
| 264 | 1|a[Ottawa] : |bAgriculture and Agri-Food Canada = Agriculture et agroalimentaire Canada, |c[2019] |
| 264 | 4|c©2019 |
| 300 | |a1 online resource (11 pages) |
| 336 | |atext|btxt|2rdacontent |
| 337 | |acomputer|bc|2rdamedia |
| 338 | |aonline resource|bcr|2rdacarrier |
| 500 | |aIssued also in French under title: Programme des technologies propres en agriculture : guide du demandeur. |
| 500 | |aCover title. |
| 520 | |a"The purpose of this document is to: 1) provide information on the eligibility criteria for funding from Agriculture and Agri-Food Canada (AAFC) under the Agricultural Clean Technology Program (Program); 2) provide directions and explanations to assist with completing the Project Application Form"--Introduction. |
| 692 | 07|2gccst|aAgricultural assistance |
| 692 | 07|2gccst|aClean technology |
| 710 | 1 |aCanada. |bAgriculture and Agri-Food Canada. |
| 775 | 08|tProgramme des technologies propres en agriculture : |w(CaOODSP)9.874802 |
| 856 | 40|qPDF|s471 KB|uhttps://publications.gc.ca/collections/collection_2019/aac-aafc/A118-53-2019-eng.pdf |
| 986 | |a12968E |